[Event "6th Karoun Masters Cup 2019"]
[Site "Ahvaz"]
[Date "2019.02.22"]
[Round "2.1"]
[White "Dilanyan, Grigor"]
[Black "Mosadeghpour, Masoud"]
[Result "0-1"]
[WhiteElo "2241"]
[BlackElo "2531"]
[Annotator "RC"]
[PlyCount "116"]
[EventDate "2019.02.21"]
[EventType "swiss"]
[EventRounds "9"]
[EventCountry "IRI"]
[SourceTitle "playchess.com"]
[Source "ChessBase"]
[SourceQuality "1"]
[TimeControl "5400+30"]

1. Nf3 {[%emt 0:00:00]} Nf6 {[%emt 0:05:48]} 2. g3 {[%emt 0:00:31]} g6 {[%emt 0:00:10]} 3. b3 {[%emt 0:00:22]} Bg7 {[%emt 0:00:07]} 4. Bb2 {[%emt 0:00:02]} O-O {[%emt 0:00:33]} 5. Bg2 {[%emt 0:00:08]} d5 {[%emt 0:00:05]} 6. c4 {[%emt 0:03:28]} Nc6 {[%emt 0:03:18]} 7. d4 {[%emt 0:04:33]} a5 {[%emt 0:05:40]} 8. Nc3 {[%emt 0:06:18]} e6 {[%emt 0:24:52]} 9. O-O {[%emt 0:07:01]} b6 {[%emt 0:03:18]} 10. Ne5 {[%emt 0:06:24]} Bb7 {[%emt 0:00:06]} 11. Rc1 {[%emt 0:02:59]} Rc8 {[%emt 0:11:45]} 12. e3 {[%emt 0:13:16]} Ne7 {[%emt 0:05:53]} 13. Qc2 {[%emt 0:10:38]} Nd7 {[%emt 0:03:15]} 14. cxd5 {[%emt 0:11:16]} exd5 {[%emt 0:06:06]} 15. Rfd1 {[%emt 0:11:00]} c6 {[%emt 0:05:20]} 16. Bh3 {[%emt 0:02:46]} f5 {[%emt 0:03:06]} 17. f4 {[%emt 0:06:55]} b5 {[%emt 0:05:59]} 18. Ne2 {[%emt 0:05:42]} Nxe5 {[%emt 0:01:25]} 19. dxe5 {[%emt 0:00:08]} c5 {[%emt 0:00:33]} 20. Nc3 {[%emt 0:01:58]} Qb6 {[%emt 0:03:11]} 21. a4 {[%emt 0:00:02]} c4 {[%emt 0:03:24]} 22. Nxb5 {[%emt 0:00:25]} Qxe3+ {[%emt 0:00:22]} 23. Qf2 {[%emt 0:01:14]} Qxb3 {[%emt 0:02:40]} 24. Ba3 Qxa4 {[%emt 0:01:17]} 25. Qb6 {[%emt 0:04:38]} Bc6 {[%emt 0:02:17]} 26. Bxe7 {[%emt 0:00:02]} Qxb5 {[%emt 0:00:12]} 27. Qxb5 {[%emt 0:00:02]} Bxb5 {[%emt 0:00:04]} 28. Rxd5 {[%emt 0:00:11]} Rf7 {[%emt 0:01:19]} 29. Bd6 {[%emt 0:00:54]} Rb7 {[%emt 0:01:06]} 30. Bg2 {[%emt 0:00:23]} Bf8 {[%emt 0:00:43]} 31. Rd4 {[%emt 0:01:39]} Rb6 {[%emt 0:00:27]} 32. Bd5+ {[%emt 0:00:27]} Kg7 {[%emt 0:00:01]} 33. Be6 {[%emt 0:00:32]} Bxd6 {[%emt 0:00:48]} 34. exd6 {[%emt 0:00:31]} Rd8 {[%emt 0:00:00]} 35. Bxc4 {[%emt 0:00:28]} Rc6 {[%emt 0:00:11]} 36. Rc2 {[%emt 0:00:36]} Rdc8 {[%emt 0:01:51]} 37. d7 {[%emt 0:00:26]} Rd8 {[%emt 0:00:01]} 38. Kf2 {[%emt 0:00:30]} a4 {[%emt 0:00:53]} 39. Ke3 {[%emt 0:00:33]} a3 {[%emt 0:00:00]} 40. Kd2 {[%emt 0:00:29]} Bxc4 {[%emt 0:00:35]} 41. Rcxc4 {[%emt 0:00:19]} Rxc4 {[%emt 0:00:29]} 42. Rxc4 {[%emt 0:00:01]} Rxd7+ {[%emt 0:00:06]} 43. Kc2 {[%emt 0:00:08]} Re7 {[%emt 0:01:39]} 44. Ra4 {[%emt 0:01:02]} Re3 {[%emt 0:00:02]} 45. Kd2 {[%emt 0:00:50]} Rb3 {[%emt 0:00:19]} 46. Ra7+ {[%emt 0:00:30]} Kh6 {[%emt 0:00:28]} 47. Ke2 {[%emt 0:00:37]} Rb2+ {[%emt 0:01:01]} 48. Kf3 {[%emt 0:00:01]} a2 {[%emt 0:00:14]} 49. h3 {[%emt 0:00:51]} Rh2 {[%emt 0:00:18]} 50. Ra6 {[%emt 0:00:40]} Kh5 {[%emt 0:00:57]} 51. Ra7 {[%emt 0:00:27]} Kh6 {[%emt 0:00:42]} 52. h4 {[%emt 0:00:29]} Rb2 {[%emt 0:00:23]} 53. Ke3 {[%emt 0:00:10]} Kh5 {[%emt 0:00:19]} 54. Rxh7+ {[%emt 0:00:54]} Kg4 {[%emt 0:00:01]} 55. Ra7 {[%emt 0:00:10]} Kxg3 {[%emt 0:00:15]} 56. Ra6 {[%emt 0:00:27]} Kxh4 {[%emt 0:00:19]} 57. Kf3 {[%emt 0:00:47]} Rb3+ {[%emt 0:00:44]} 58. Kf2 {[%emt 0:00:36]} Kg4 {[%emt 0:00:21]} 0-1

[Event "6th Karoun Masters Cup 2019"]
[Site "Ahvaz"]
[Date "2019.02.22"]
[Round "2.2"]
[White "Lorparizangeneh, Shahin"]
[Black "Veisi, Bardia"]
[Result "1-0"]
[WhiteElo "2493"]
[BlackElo "2243"]
[Annotator "TA"]
[PlyCount "107"]
[EventDate "2019.02.21"]
[EventType "swiss"]
[EventRounds "9"]
[EventCountry "IRI"]
[SourceTitle "playchess.com"]
[Source "ChessBase"]
[SourceQuality "1"]

{[%evp 11,107,25,22,-16,-6,-58,-50,-52,-50,-48,-28,-39,-33,-28,-23,-42,-23,-31,-14,-36,-2,-4,0,0,0,-10,-10,-10,-10,-9,-11,-10,-6,-35,-34,-33,-22,-39,-2,-29,-36,-42,0,0,0,0,0,-1,-2,-5,-6,0,-10,-79,-73,-104,-114,-113,-110,-102,-102,-79,-69,-62,-62,-64,-23,-24,-27,-29,-24,-37,-31,-31,-27,-20,-21,-60,-52,-70,-66,-110,-26,-106,-75,-97,-63,-69,-35,-55,-57,-56,352,347,755,758,1132,1102]} 1. e4 c5 2. Nf3 Nc6 3. Bb5 g6 4. O-O Bg7 5. Nc3 Nf6 6. e5 Ng4 7. Ng5 {B31: Sicilian: 2...Nc6 3 Bb5 g6} (7. Bxc6 $5 dxc6 8. Re1 $14) (7. Bxc6 dxc6 8. Re1 O-O 9. d3 Nh6 10. h3 Nf5 11. Ne4 b6 12. Bf4 Nd4 13. c3 Nxf3+ 14. Qxf3 Be6 15. Qe3 Qd5 16. c4 Qd7 17. Bh6 Rfd8 18. Bxg7 Kxg7 {0-1 (44) Vidit,S (2707)-Li,C (2732) Liaocheng 2018}) 7... Nh6 8. Nge4 $146 ({White should try} 8. Bxc6 $11 dxc6 9. Re1) ({Predecessor:} 8. f4 O-O 9. Bc4 Nf5 10. d3 Nfd4 11. a3 h6 12. Nge4 d6 13. exd6 exd6 14. Nd5 Be6 {½-½ (51) Wedel,F (1654)-Fortin,M (1650) ICCF email 2016}) 8... Nxe5 $15 9. Nxc5 {Black is slightly better.} Nf5 10. Nb3 a6 11. Be2 d5 12. d4 Nc6 {[%cal Rf5d4,Be5c6,Bc6a5,Ba5c4,Bc4d6,Bd6e4][%mdl 32]} 13. Bf3 $1 e6 {[%cal Rf5d4]} 14. Ne2 O-O 15. g3 Bd7 16. c3 Na5 17. Nc5 Bc6 18. Nd3 Nc4 19. Bg2 Re8 20. Nef4 {[%cal Be2f4,Bf4d3,Bd3c5][%mdl 32]} a5 21. Re1 b5 22. b3 Ncd6 23. Ne5 Bb7 24. Nfd3 Qb6 25. Ba3 Ne4 {And now ...b4 would win.} 26. Bb2 Red8 27. f3 Ned6 28. Nc5 b4 29. Qd2 bxc3 30. Bxc3 Rdc8 31. g4 Ne7 32. Qf4 {[#]} (32. Rac1 $11) 32... Nc6 $1 $17 {[%cal Rc6e5]} 33. Na4 Qa7 {White must now prevent ...Nxe5.} 34. Kh1 Nxe5 35. dxe5 Nb5 36. Bb2 Rc2 {aiming for ...Qf2.} 37. Bf1 $1 Qf2 38. Qg3 Na7 39. Qxf2 Rxf2 $40 {[%mdl 128] White needs to defend precisely.} 40. Be2 $1 {[#]} d4 $1 {[%mdl 512] Threatens to win with ...Rxe2!} 41. Kg1 $1 {[%cal Rg1f2]} (41. Bxd4 Rxe2) 41... Rxe2 $1 42. Rxe2 Bxf3 43. Rf2 Bxg4 {...Nc6 is the strong threat.} 44. Bxd4 Nc6 $1 {[%csl LRd4,LRe5]} 45. Bc3 Nxe5 46. Raf1 Ra7 ({Better is} 46... Rc8 $17 47. Bxe5 Bxe5) 47. Rf4 (47. Kg2 $11 {keeps the balance.}) 47... Be2 48. Rb1 g5 49. Rf2 Bb5 50. Rd1 {Hoping for Rd8+.} f5 51. Nc5 g4 $2 {[%mdl 8192]} (51... Rc7 $15 {keeps the upper hand.} 52. Bxe5 Rxc5) 52. Nxe6 $18 {Strongly threatening Bxe5.} Bf6 $2 (52... Nf3+ 53. Rxf3 gxf3) 53. Bxe5 Bxe5 54. Rxf5 {Accuracy: White = 56%, Black = 54%.} 1-0

[Event "6th Karoun Masters Cup 2019"]
[Site "Ahvaz"]
[Date "2019.02.22"]
[Round "2.3"]
[White "Sedaghati, Mehrdad"]
[Black "Khodashenas, Mersad"]
[Result "1-0"]
[WhiteElo "2219"]
[BlackElo "2455"]
[Annotator "ChessBase"]
[PlyCount "111"]
[EventDate "2019.02.21"]
[EventType "swiss"]
[EventRounds "9"]
[EventCountry "IRI"]
[SourceTitle "playchess.com"]
[Source "ChessBase"]
[SourceQuality "1"]
[TimeControl "5400+30"]

1. e4 {[%emt 0:00:00]} c6 {[%emt 0:08:55]} 2. d4 {[%emt 0:00:03]} g6 {[%emt 0:00:01]} 3. Nf3 {[%emt 0:03:14]} Bg7 {[%emt 0:00:10]} 4. c3 {[%emt 0:03:07]} d5 {[%emt 0:02:17]} 5. Nbd2 {[%emt 0:00:24]} dxe4 {[%emt 0:02:20]} 6. Nxe4 {[%emt 0:00:05]} Nf6 {[%emt 0:00:03]} 7. Nxf6+ {[%emt 0:01:59]} exf6 {[%emt 0:00:01]} 8. Bc4 {[%emt 0:01:11]} O-O {[%emt 0:00:24]} 9. O-O {[%emt 0:00:18]} Nd7 {[%emt 0:00:29]} 10. Bf4 {[%emt 0:09:24]} Nb6 {[%emt 0:00:11]} 11. Bb3 {[%emt 0:00:02]} a5 {[%emt 0:01:36]} 12. a3 {[%emt 0:06:42]} Nd5 {[%emt 0:00:40]} 13. Bg3 {[%emt 0:02:28]} Bg4 {[%emt 0:00:23]} 14. h3 {[%emt 0:01:34]} Be6 {[%emt 0:03:18]} 15. c4 {[%emt 0:14:37]} Nb6 {[%emt 0:03:03]} 16. Qc2 {[%emt 0:02:46]} Qd7 {[%emt 0:02:16]} 17. Rad1 {[%emt 0:02:36]} Rfe8 {[%emt 0:06:32]} 18. Rfe1 {[%emt 0:02:09]} h5 {[%emt 0:13:33]} 19. Qc3 {[%emt 0:04:52]} Rec8 {[%emt 0:07:34]} 20. Rd2 {[%emt 0:05:13]} g5 {[%emt 0:02:29]} 21. h4 {[%emt 0:02:28]} g4 {[%emt 0:10:52]} 22. Nh2 {[%emt 0:00:13]} Bh6 {[%emt 0:00:07]} 23. Rdd1 {[%emt 0:01:20]} f5 {[%emt 0:02:54]} 24. Be5 {[%emt 0:04:03]} Qd8 {[%emt 0:06:05]} 25. g3 {[%emt 0:09:39]} Nd7 {[%emt 0:02:06]} 26. Nf1 {[%emt 0:01:38]} Nxe5 {[%emt 0:03:57]} 27. Rxe5 {[%emt 0:04:28]} Bg7 {[%emt 0:00:13]} 28. Ne3 {[%emt 0:00:18]} Bxe5 {[%emt 0:03:01]} 29. dxe5 {[%emt 0:00:04]} Qb6 {[%emt 0:03:21]} 30. Rd4 {[%emt 0:02:18]} a4 {[%emt 0:01:41]} 31. Bc2 {[%emt 0:05:47]} Qa5 {[%emt 0:00:12]} 32. Qd3 {[%emt 0:10:14]} Qxe5 {[%emt 0:00:02]} 33. Ng2 {[%emt 0:00:41]} Qf6 {[%emt 0:02:38]} 34. Qc3 {[%emt 0:00:20]} c5 {[%emt 0:01:52]} 35. Rxg4+ {[%emt 0:00:06]} Qg6 {[%emt 0:01:02]} 36. Rxg6+ fxg6 37. Nf4 {[%emt 0:00:53]} Bf7 {[%emt 0:00:01]} 38. Qf6 {[%emt 0:00:24]} Ra6 {[%emt 0:00:59]} 39. Qe7 {[%emt 0:00:17]} Re8 {[%emt 0:01:46]} 40. Qxb7 {[%emt 0:00:30]} Rd6 {[%emt 0:00:01]} 41. Nd5 {[%emt 0:00:56]} Re1+ {[%emt 0:00:01]} 42. Kg2 {[%emt 0:00:17]} Kg7 {[%emt 0:00:12]} 43. Bxa4 {[%emt 0:00:33]} Re4 {[%emt 0:00:29]} 44. b3 {[%emt 0:01:14]} Rde6 {[%emt 0:01:16]} 45. Bc6 {[%emt 0:00:18]} R4e5 {[%emt 0:00:42]} 46. a4 {[%emt 0:00:12]} f4 {[%emt 0:00:29]} 47. Nxf4 Re7 48. Qb6 {[%emt 0:00:58]} g5 {[%emt 0:00:02]} 49. hxg5 {[%emt 0:00:15]} Rxg5 {[%emt 0:00:42]} 50. Bd5 {[%emt 0:00:13]} Bxd5+ {[%emt 0:00:33]} 51. Nxd5 {[%emt 0:00:10]} Rf7 {[%emt 0:00:00]} 52. Qxc5 {[%emt 0:00:22]} Kh7 {[%emt 0:00:14]} 53. Qe3 {[%emt 0:00:33]} Rgf5 {[%emt 0:00:21]} 54. f4 {[%emt 0:00:12]} Kh6 {[%emt 0:00:22]} 55. Qe6+ {[%emt 0:00:08]} Kg7 {[%emt 0:00:05]} 56. a5 {[%emt 0:00:07]} 1-0

[Event "6th Karoun Masters Cup 2019"]
[Site "Ahvaz"]
[Date "2019.02.22"]
[Round "2.4"]
[White "Kreisl, Robert"]
[Black "Nadimifar, Adnan"]
[Result "1/2-1/2"]
[WhiteElo "2424"]
[BlackElo "2241"]
[Annotator "NA RC"]
[PlyCount "29"]
[EventDate "2019.02.21"]
[EventType "swiss"]
[EventRounds "9"]
[EventCountry "IRI"]
[SourceTitle "playchess.com"]
[Source "ChessBase"]
[SourceQuality "1"]
[TimeControl "5400+30"]

1. Nf3 {[%emt 0:00:00]} Nf6 {[%emt 0:00:44]} 2. g3 {[%emt 0:00:00]} g6 {[%emt 0:00:07]} 3. Bg2 {[%emt 0:00:00]} Bg7 {[%emt 0:00:06]} 4. O-O {[%emt 0:00:00]} O-O {[%emt 0:00:26]} 5. d4 {[%emt 0:00:31]} d5 {[%emt 0:00:17]} 6. c3 {[%emt 0:00:23]} c6 {[%emt 0:00:56]} 7. Bf4 {[%emt 0:00:13]} Qb6 {[%emt 0:00:55]} 8. Qb3 {[%emt 0:02:05]} Bf5 {[%emt 0:01:04]} 9. Nbd2 {[%emt 0:00:08]} Ne4 {[%emt 0:01:46]} 10. Nh4 {[%emt 0:08:59]} Nxd2 {[%emt 0:01:24]} 11. Bxd2 {[%emt 0:00:02]} Be6 {[%emt 0:01:34]} 12. Nf3 {[%emt 0:04:49]} Bf5 {[%emt 0:01:36]} 13. Nh4 {[%emt 0:09:53]} Be6 {[%emt 0:03:08]} 14. Nf3 {[%emt 0:20:53]} Bf5 {[%emt 0:02:25]} 15. Nh4 {[%emt 0:00:02]} 1/2-1/2

[Event "6th Karoun Masters Cup 2019"]
[Site "Ahvaz"]
[Date "2019.02.22"]
[Round "2.5"]
[White "Babaniya, Benyamin"]
[Black "Sibashvili, Giorgi"]
[Result "1-0"]
[WhiteElo "2184"]
[BlackElo "2420"]
[Annotator "TA"]
[PlyCount "55"]
[EventDate "2019.02.21"]
[EventType "swiss"]
[EventRounds "9"]
[EventCountry "IRI"]
[SourceTitle "playchess.com"]
[Source "ChessBase"]
[SourceQuality "1"]

{[%evp 16,55,12,11,44,44,44,52,48,40,51,31,91,92,91,97,258,272,286,291,286,264,283,275,272,269,311,312,322,300,300,294,1003,985,1034,991,29982,29983,29983,29984,29992,29993]} 1. e4 e5 2. Nf3 Nc6 3. Nc3 Nf6 4. d4 exd4 5. Nxd4 Bb4 6. Nxc6 bxc6 7. Bd3 O-O 8. O-O Re8 9. Bg5 Rb8 {C47: Scotch Four Knights and Four Knights with 4 g3} (9... h6 10. Bh4 g5 11. Bg3 Bxc3 12. bxc3 Nxe4 13. Qh5 d6 14. Rae1 Bf5 15. Qxh6 Re6 16. Qh5 Qf6 17. Bxe4 Bxe4 18. h4 gxh4 19. Qg4+ Qg7 20. Qxh4 {0-1 (56) Tari,A (2620)-Aronian,L (2765) St Petersburg 2018}) 10. f4 {Hoping for e5.} h6 {Strongly threatening ...Bxc3.} 11. Bh4 {And now e5 would win.} Be7 {White is slightly better.} 12. b3 d5 13. e5 Ng4 {[#]} (13... Nd7 $14 14. Bf2 Nc5) 14. Bxe7 $1 $16 Qxe7 15. Qe1 {[#]} g5 $146 (15... a6 $16) ({Predecessor:} 15... h5 16. h3 Nh6 17. Qf2 Bf5 18. Qxa7 Bxd3 19. cxd3 {1-0 (66) Moskalenko,A (2490)-Dubov,D (2648) Sochi 2016}) 16. h3 $18 Qc5+ 17. Kh1 Ne3 18. Qf2 Qxc3 19. Qxe3 Bf5 20. fxg5 Bxd3 21. gxh6 {Threatens to win with Qg3+.} ({Weaker is} 21. Qxd3 Qxd3 22. cxd3 hxg5 $16) ({Less strong is} 21. cxd3 Qxe5 22. Qxe5 (22. Qxa7 hxg5 23. Qf2 Qg7 $16) 22... Rxe5 $16) 21... Qxe5 22. Qxd3 Rb4 23. Qf3 Re7 $2 (23... Re4 24. Qxf7+ Kh8) 24. c4 Qg5 25. Rae1 {[%mdl 64] [#] Rxe7 would kill now. Overworked Piece} Rxe1 26. Qxf7+ {[%mdl 64] Double Attack. White mates.} Kh8 27. Qf8+ {[%mdl 64] Double Attack} Qg8 28. Qf6+ {[%mdl 64] Double Attack. Accuracy: White = 93%, Black = 38%.} 1-0

[Event "6th Karoun Masters Cup 2019"]
[Site "Ahvaz"]
[Date "2019.02.22"]
[Round "2.6"]
[White "Abbasifar, Hasan"]
[Black "Danielyan, Vahe"]
[Result "1-0"]
[WhiteElo "2401"]
[BlackElo "2186"]
[Annotator "NA"]
[PlyCount "157"]
[EventDate "2019.02.21"]
[EventType "swiss"]
[EventRounds "9"]
[EventCountry "IRI"]
[SourceTitle "playchess.com"]
[Source "ChessBase"]
[SourceQuality "1"]
[TimeControl "5400+30"]

1. e4 {[%emt 0:00:00]} e5 {[%emt 0:00:00]} 2. Nf3 {[%emt 0:00:00]} Nc6 {[%emt 0:00:00]} 3. Bc4 {[%emt 0:00:00]} Bc5 {[%emt 0:00:00]} 4. c3 {[%emt 0:00:00]} Nf6 {[%emt 0:00:01]} 5. d3 {[%emt 0:00:00]} a6 {[%emt 0:00:04]} 6. a4 {[%emt 0:00:00]} Ba7 {[%emt 0:00:04]} 7. Na3 {[%emt 0:00:00]} d6 {[%emt 0:00:04]} 8. O-O {[%emt 0:00:00]} O-O {[%emt 0:00:03]} 9. Nc2 {[%emt 0:00:00]} Ne7 {[%emt 0:01:43]} 10. Be3 {[%emt 0:00:08]} Ng6 {[%emt 0:00:08]} 11. Bxa7 {[%emt 0:09:42]} Rxa7 {[%emt 0:00:16]} 12. Ne3 {[%emt 0:00:01]} c6 {[%emt 0:00:08]} 13. Qb3 {[%emt 0:01:30]} Nh5 {[%emt 0:05:28]} 14. g3 {[%emt 0:17:15]} Qf6 {[%emt 0:00:15]} 15. Qd1 {[%emt 0:00:08]} Bh3 {[%emt 0:08:18]} 16. Re1 {[%emt 0:00:20]} Ne7 {[%emt 0:06:01]} 17. d4 {[%emt 0:05:36]} g6 {[%emt 0:02:12]} 18. dxe5 {[%emt 0:05:57]} dxe5 {[%emt 0:00:05]} 19. Be2 {[%emt 0:00:09]} Be6 {[%emt 0:02:26]} 20. Qd6 {[%emt 0:01:45]} Raa8 {[%emt 0:05:09]} 21. Qxe5 {[%emt 0:02:46]} Rad8 {[%emt 0:01:01]} 22. Qxf6 {[%emt 0:01:55]} Nxf6 {[%emt 0:00:01]} 23. e5 {[%emt 0:00:52]} Nd7 {[%emt 0:00:26]} 24. Bc4 {[%emt 0:10:16]} Nc5 {[%emt 0:03:23]} 25. Nd4 {[%emt 0:02:53]} Bxc4 {[%emt 0:04:41]} 26. Nxc4 {[%emt 0:00:01]} Nd5 {[%emt 0:02:23]} 27. a5 {[%emt 0:02:41]} Rfe8 {[%emt 0:06:09]} 28. Rad1 {[%emt 0:03:47]} Re7 {[%emt 0:00:14]} 29. f4 {[%emt 0:02:59]} Red7 {[%emt 0:00:03]} 30. Kg2 {[%emt 0:01:25]} Ne6 {[%emt 0:01:43]} 31. Nxe6 {[%emt 0:04:14]} fxe6 {[%emt 0:00:23]} 32. Kf3 {[%emt 0:00:17]} Rf8 {[%emt 0:00:04]} 33. h4 {[%emt 0:01:24]} h6 {[%emt 0:00:08]} 34. Nd6 {[%emt 0:05:51]} g5 {[%emt 0:00:54]} 35. hxg5 {[%emt 0:02:03]} hxg5 {[%emt 0:00:04]} 36. c4 {[%emt 0:00:29]} Nb4 {[%emt 0:00:06]} 37. Rg1 {[%emt 0:04:17]} c5 {[%emt 0:00:18]} 38. Ne4 {[%emt 0:00:43]} Rd3+ {[%emt 0:01:24]} 39. Kg4 {[%emt 0:04:58]} gxf4 {[%emt 0:01:30]} 40. gxf4 {[%emt 0:01:27]} Kf7 {[%emt 0:01:59]} 41. Rh1 {[%emt 0:03:06]} Ke7 {[%emt 0:04:02]} 42. Rh7+ {[%emt 0:00:55]} Rf7 {[%emt 0:00:01]} 43. Rdh1 {[%emt 0:00:40]} Nc2 {[%emt 0:01:06]} 44. Rxf7+ {[%emt 0:03:52]} Kxf7 {[%emt 0:00:02]} 45. Nxc5 {[%emt 0:00:14]} Rd2 {[%emt 0:00:50]} 46. Rh6 {[%emt 0:01:26]} Nd4 {[%emt 0:01:29]} 47. Rh7+ {[%emt 0:01:19]} Kg6 {[%emt 0:00:37]} 48. Rd7 {[%emt 0:00:11]} Rd1 {[%emt 0:00:04]} 49. Kh3 {[%emt 0:00:57]} Kf5 {[%emt 0:01:05]} 50. Rf7+ {[%emt 0:00:13]} Kg6 {[%emt 0:00:23]} 51. Rf6+ {[%emt 0:01:49]} Kh5 {[%emt 0:00:01]} 52. Ne4 {[%emt 0:00:48]} Rh1+ {[%emt 0:02:01]} 53. Kg2 {[%emt 0:00:00]} Rb1 {[%emt 0:01:31]} 54. Kh3 {[%emt 0:00:06]} Rh1+ {[%emt 0:00:05]} 55. Kg2 {[%emt 0:00:00]} Rb1 {[%emt 0:00:05]} 56. b4 {[%emt 0:00:06]} Kh4 {[%emt 0:01:40]} 57. Nf2 {[%emt 0:01:28]} Kh5 {[%emt 0:00:32]} 58. Nd3 {[%emt 0:01:09]} Rb3 {[%emt 0:02:18]} 59. Nc5 {[%emt 0:00:01]} Rb2+ {[%emt 0:00:44]} 60. Kh3 {[%emt 0:00:26]} Rxb4 {[%emt 0:01:55]} 61. Nxe6 {[%emt 0:00:13]} Rb3+ {[%emt 0:00:55]} 62. Kg2 {[%emt 0:00:03]} Rb2+ {[%emt 0:00:50]} 63. Kg3 {[%emt 0:00:14]} Rb3+ {[%emt 0:00:54]} 64. Kf2 {[%emt 0:00:01]} Nc6 {[%emt 0:00:20]} 65. Nc5 {[%emt 0:00:58]} Rb2+ {[%emt 0:01:31]} 66. Kf3 {[%emt 0:01:03]} Nxa5 {[%emt 0:00:05]} 67. e6 {[%emt 0:01:06]} Nc6 {[%emt 0:00:24]} 68. f5 {[%emt 0:00:49]} b6 {[%emt 0:00:22]} 69. Ne4 {[%emt 0:00:51]} b5 {[%emt 0:08:00]} 70. cxb5 {[%emt 0:01:36]} Rxb5 {[%emt 0:00:30]} 71. Kf4 {[%emt 0:00:12]} Rb4 {[%emt 0:01:21]} 72. Rf7 {[%emt 0:00:05]} Kh6 {[%emt 0:00:18]} 73. e7 {[%emt 0:01:12]} Nxe7 {[%emt 0:00:04]} 74. Rxe7 {[%emt 0:00:02]} a5 {[%emt 0:00:04]} 75. Re6+ {[%emt 0:00:25]} Kg7 {[%emt 0:00:08]} 76. Kg5 {[%emt 0:00:33]} a4 {[%emt 0:00:05]} 77. f6+ {[%emt 0:00:27]} Kf7 {[%emt 0:00:16]} 78. Re7+ {[%emt 0:00:04]} Kf8 {[%emt 0:00:03]} 79. Kg6 {[%emt 0:01:28]} 1-0

[Event "6th Karoun Masters Cup 2019"]
[Site "Ahvaz"]
[Date "2019.02.22"]
[Round "3.1"]
[White "Mosadeghpour, Masoud"]
[Black "Khademi, Mohammad Miran"]
[Result "1/2-1/2"]
[WhiteElo "2531"]
[BlackElo "2298"]
[Annotator "TA"]
[PlyCount "47"]
[EventDate "2019.02.21"]
[EventType "swiss"]
[EventRounds "9"]
[EventCountry "IRI"]
[SourceTitle "playchess.com"]
[Source "ChessBase"]
[SourceQuality "1"]

{[%evp 9,47,54,53,52,61,54,86,56,63,60,60,60,56,53,61,75,67,25,10,-37,-27,-43,-25,-173,-165,-225,-227,-222,-225,-217,-217,-192,0,0,0,0,0,0,0,0]} 1. e4 g6 2. d4 Bg7 3. Nc3 c5 4. dxc5 Bxc3+ 5. bxc3 Qa5 6. Qd4 {B06: Modern Defence} (6. Bd3 Nf6 7. Ne2 Qxc5 8. O-O b6 9. Rb1 Ba6 10. Be3 Qc7 11. f4 d6 {0-1 (43) Saric,I (2669)-Piorun,K (2651) Katowice 2017}) 6... Nf6 7. Qb4 Qc7 8. Nf3 {White is better.} Nc6 9. Qa4 Ne5 10. Qd4 Nxf3+ 11. gxf3 O-O 12. Bg5 $146 b6 13. cxb6 axb6 14. e5 Ra5 15. f4 Nd5 16. Bg2 (16. c4 $11 {and White is okay.} f6 17. Bh6 (17. cxd5 $2 fxg5 18. d6 Rxf4 $17) 17... fxe5 18. fxe5 (18. Qxe5 Rf6 $15)) 16... Ba6 17. Rd1 (17. c4 {was necessary.} Bxc4 18. a4) 17... Nxc3 $19 {[%mdl 64] Double Attack} 18. Qxd7 Qc4 {[%csl Ga6,Gc3][%cal Rc4e2]} 19. Rd3 Rxa2 20. Qxe7 {[#]} Rxc2 $2 {[#]} (20... Qc8 $1 $19 21. O-O (21. Rd8 $2 Rxd8 22. Qxd8+ Qxd8 $19) 21... Bxd3 22. cxd3 Re8) 21. Qxf8+ $1 $11 {[%mdl 512] The position is equal.} Kxf8 22. Rd8+ Kg7 {[%csl Ga6,Gc2,Gc3][%cal Rc4e2]} 23. Bf6+ Kh6 {[%csl Ga6,Gc2,Gc3][%cal Rc4e2]} 24. Bg5+ 1/2-1/2

[Event "6th Karoun Masters Cup 2019"]
[Site "Ahvaz"]
[Date "2019.02.22"]
[Round "3.2"]
[White "Salar, Milad"]
[Black "Lorparizangeneh, Shahin"]
[Result "0-1"]
[WhiteElo "2256"]
[BlackElo "2493"]
[Annotator "TA"]
[PlyCount "101"]
[EventDate "2019.02.21"]
[EventType "swiss"]
[EventRounds "9"]
[EventCountry "IRI"]
[SourceTitle "playchess.com"]
[Source "ChessBase"]
[SourceQuality "1"]

{[%evp 32,101,20,19,22,20,21,20,24,0,0,0,0,-12,-10,-92,-35,-69,-69,-75,-72,-60,-66,-70,35,-40,-30,-54,-55,-106,-39,-77,-71,-137,-148,-223,-223,-218,-223,-215,-216,-220,-225,-183,-196,-399,-416,-397,-409,-474,-479,-435,-387,-868,-838,-29980,-29980,-29983,-29984,-29984,-29982,-29982,-29983,-29983,-29984,-29983,-29984,-29983,-29983,-29996,-29995,-29995]} 1. e4 e5 2. Nf3 Nc6 3. Bb5 a6 4. Ba4 Nf6 5. O-O Be7 6. Re1 b5 7. Bb3 d6 8. c3 O-O 9. h3 Nb8 10. d4 Nbd7 11. Nbd2 Bb7 12. Bc2 Re8 13. Nf1 Bf8 14. Ng3 g6 15. a4 c5 16. d5 c4 17. Bg5 Nc5 {C95: Closed Ruy Lopez: Breyer Variation with 10 d4} 18. Qd2 Be7 19. Ra3 (19. Bh6 Nfd7 20. Nh2 bxa4 21. Ng4 Nb3 22. Bxb3 axb3 23. f4 Nf6 24. Ne3 exf4 25. Bxf4 {½-½ (54) Borisek,J (2578)-Amin,B (2686) Batumi 2018}) 19... Nfd7 {The position is equal.} 20. Bxe7 Qxe7 {[#]} 21. Nh2 $146 ({Predecessor:} 21. Rea1 Nb6 22. axb5 axb5 23. h4 Rxa3 24. Rxa3 Ra8 25. Rxa8+ Bxa8 {0-1 (50) Martinez Duany,L (2517)-Gonzalez Vidal,Y (2524) Villa Clara 2017}) 21... Qh4 22. Ng4 Nb6 23. Re3 (23. a5 $11 Nbd7 24. Raa1) 23... Qg5 ({Don't play} 23... bxa4 $6 24. Rf3 $14) (23... Bc8 $1 $17 {[%cal Rc5a4]} 24. a5 Bxg4 25. axb6 Bd7) 24. Qd1 Bc8 $1 25. a5 Nba4 26. Ra2 Rf8 27. Rf3 Kh8 (27... Bxg4 $15 28. hxg4 Rab8) 28. Nf6 ({Better is} 28. Ne3 $14) 28... Nd7 $36 {[%mdl 2048] Black has good play.} 29. Ng4 Nac5 $1 30. Ra1 (30. Nh2 $15) 30... Rb8 ({Black should try} 30... h5 $1 $17 {[%cal Rh5g4]} 31. Ne3 Nf6) 31. Qe2 h5 32. Ne3 (32. Nh2 $142) 32... Nf6 $1 $17 33. Ra2 (33. Ngf1 $17) 33... h4 $19 34. Ngf1 Nfxe4 (34... Ncxe4 35. Bxe4 Nxe4 36. Nxc4) 35. Bxe4 Nxe4 36. Nxc4 bxc4 37. Qxe4 f5 $1 {[%cal Rf5e4]} 38. Qxc4 $2 {[#]} (38. Qe2) 38... e4 $1 {[%cal Re4f3]} 39. Re3 {[#]} f4 $1 40. Rxe4 {aiming for b4.} Bxh3 $1 {[%csl Gh3][%cal Rg5g2]} 41. g3 Bxf1 42. Kxf1 $2 (42. Qxf1 fxg3 43. f3) 42... fxg3 43. Rxh4+ Kg8 {Black mates.} 44. b4 gxf2 45. Rxf2 Rxf2+ 46. Kxf2 {KQR-KQR} Rf8+ 47. Ke2 Qg2+ 48. Ke1 Qg1+ 49. Kd2 Rf2+ 50. Ke3 Qe1+ 51. Kd4 {Accuracy: White = 23%, Black = 75%.} 0-1